000 00543nam a2200229Ia 4500
003 OSt
005 20221005122431.0
006 a|||||r|||| 00| 0
007 ta
008 221004b |||||||| |||| 00| 0 eng d
024 _a34675
037 _cTextual
040 _aCRL
_cCRL
_beng
041 _2eng
_aeng
082 _aZ, H7
100 _aRubinstein Ronald
_9592028
245 0 _aJohn citizen and the law.
260 _c1947
650 _aLAW
942 _hZ, H7
_cTEXL
_2cc
999 _c1044283
_d1044283